000 00586nam a2200253Ia 4500
003 OSt
005 20220912152856.0
006 a|||||r|||| 00| 0
007 ta
008 220909b |||||||| |||| 00| 0 eng d
024 _a33500
037 _cTextual
040 _aCSL
_beng
_cCSL
041 _aeng
082 _aY2:341:5(4)z7, L8
100 _aHareven Ed.
245 0 _aTransitions
260 _c1978
300 _ap.
_ccm.
650 _a Sociology
650 _aFamily
942 _hY2:341:5(4)z7, L8
_cTEXL
_2CC
999 _c92596
_d92596